| 000 | 00773nam a2200253 i 4500 | ||
|---|---|---|---|
| 001 | bg | ||
| 100 | 1 | _aŁUCZAK, Maciej | |
| 245 | 1 | 0 |
_aStrategie w działalności przedsiębiorstwa / _cMaciej Łuczak. |
| 260 |
_aWarszawa : _bWyższa Szkoła Ekonomiczna, _c2003. |
||
| 300 |
_a242 s. : _bil. ; _c24 cm. |
||
| 504 | _aBibliogr. | ||
| 650 | 9 | _aPlanowanie strategiczne | |
| 650 | 9 |
_aPrzedsiębiorstwo _xorganizacja |
|
| 650 | 9 | _aZarządzanie strategiczne | |
| 655 | _aPodręczniki akademickie | ||
| 020 | _a8386990546 | ||
| 040 | _cBPK | ||
| 041 | 0 | _apol | |
| 080 | _a658.1/.5.012.4(075.8) | ||
| 920 | _a83-86990-54-6 | ||
| 942 | _cKS | ||
| 008 | s pl f |000 0 pol | ||
| 999 |
_c43434 _d43434 |
||
| 856 |
_uhttp://koha.tu.koszalin.pl/cgi-bin/koha/opac-detail.pl?biblionumber=43434 _yKatalog online BPK |
||